| 000 | 01307nam0a2200349 4500 | ||
|---|---|---|---|
| 001 | RU\NLR\BIBL_A\012184650 | ||
| 005 | 20230301143732.0 | ||
| 010 |
_a978-5-91722-375-9 _93000 |
||
| 021 |
_aRU _bКН-П-19-090533 _9КН-П-19-6608 |
||
| 035 | _a(NLR Aleph) 012184650 | ||
| 035 | _a(RuMoRGB)010179619 | ||
| 090 |
_a12288493 _c12288493 |
||
| 100 | _a20200123d2019 u y0rusy50 ca | ||
| 101 | 0 | _arus | |
| 102 | _aRU | ||
| 105 | _aac||z|||000zy | ||
| 181 | 0 |
_ai _baxxe |
|
| 182 | 0 | _an | |
| 200 | 1 |
_aКонструкторы оружия Великой Победы _eисторические новеллы _fС. В. Кочетков |
|
| 203 |
_aТекст _bвизуальный _cнепосредственный |
||
| 210 |
_aЯрославль _cИндиго _aМосква _cДетстандарт _d2019 |
||
| 215 |
_a71 с. _cил., портр. _d22 |
||
| 606 | 1 |
_aКонструкторы вооружения _yРоссия _92098444 _3RU\NLR\AUTH\661572930 |
|
| 606 | 1 |
_aМонеты _yРоссийская Федерация _92287119 _3RU\NLR\AUTH\6601597737 |
|
| 686 | 1 | _aЦ9-2д(2) | |
| 686 | 1 | _aТ221(2)74 | |
| 700 | 1 |
_aКочетков _bС. В. |
|
| 942 | _cBOOK | ||
| 980 | _aNBR | ||
| 980 | _aNB | ||